| 000 | 01384nam a2200337Ia 4500 | ||
|---|---|---|---|
| 008 | 130821s1974 ne gr eng | ||
| 020 | _a9028605355 | ||
| 040 |
_aCo-BoUCM _bspa |
||
| 041 | 0 | 0 | _aeng |
| 100 | 1 | _aVischer., F. | |
| 245 | 1 | 4 |
_aThe antagomism between legal security and the search for justice in the field of contracts _cF. Vischer |
| 260 |
_aLeiden (Holanda) _bA. W. Sijthoff _c1974 |
||
| 300 | _a416 páginas | ||
| 490 | 0 |
_aRecueil des Cours. _v142 _aCollected Courses of the Hague Academy of International Law |
|
| 504 | _aIncluye bibliografía. | ||
| 650 | 0 | 4 |
_aDerecho internacional privado _97497 |
| 650 | 0 | 4 |
_aDerecho internacional público _97498 |
| 650 | 0 | 4 |
_aDerecho internacional _912776 |
| 650 | 0 | 4 | _aIntervención (Derecho internacional) |
| 650 | 0 | 4 | _aJurisdicción (Derecho internacional) |
| 650 | 0 | 4 |
_aSoberanía _924689 |
| 700 | 1 | 2 | _aConforti, B. |
| 700 | 1 | 2 | _aFarer, T.J. |
| 700 | 1 | 2 | _aFerid, M. |
| 710 | 2 | _aAcadémie de Droit International Law. | |
| 740 | 3 | 2 | _aLe rattachement autonome de la transmission successorale en droit international privé / M. Ferid. |
| 740 | 3 | 2 | _aLe role de láccord dabs ke systeme des Nations Unies / B. Conforti. |
| 740 | 4 | 2 | _aThe regulation of foreign intervention in civil armed conflict / T.J. Farer. |
| 942 |
_a8 _e1 _kR _mR311 _cLIBROREF _2DEWEY _h341.02 |
||
| 999 |
_c45582 _d45582 |
||